000 00703cam a22002293a 4500
001 1275
003 PGUSA
005 20140828082959.0
008 980401s1998||||xxu|||||s|||||000 | eng d
040 _aPGUSA
_beng
042 _adc
050 4 _aB
100 1 _aKingsley, Charles,
_d1819-1875
245 1 0 _aAlexandria and Her Schools :
_bFour Lectures Delivered at the Philosophical Institution, Edinburgh
_h[electronic resource] /
_cCharles Kingsley
260 _bProject Gutenberg,
_c1998
506 _aPublic domain in the USA.
516 _aElectronic text
653 _aAlexandrian school
830 0 _aProject Gutenberg
_v1275
856 4 0 _uhttp://www.gutenberg.org/ebooks/1275
942 _cEB
999 _c230623
_d230623